000 00293nam a22001337a 4500
008 170406b xxu||||| |||| 00| 0 eng d
020 _a9780340806777
041 _aeng
080 _a611.018
100 _a9
101 _aSHM
245 _aCONCISE HISTOLOGY
_cFAWCETT.D.W
942 _2udc
_cBK
999 _c10024
_d10024